00594nam a2200181Ia 4500003000900000008004100009040001600050080002200066245010300088260004600191300001100237650004100248650002400289650001900313650002200332700002800354700003000382IN-BaIIA211028s9999 xx 000 0 eng d cIIA Library a082.2:52bIAU-C26 0aReference Co-ordinate systems for Earth dynamicscedited by E. M. Gaposchkin and Barbara Kołaczek aWarsawbWarsaw Technical Universityc1974 aI478p. aAstronomy and astrophysics thesaurus aCelestial mechanics aEarth dynamics aReference systems aKolaczek, Barbara., ed. aWeiffenbach, George., ed.